000 00655 a2200205 4500
001 75998
005 20260319114727.0
090 _a75998
100 _a20260319ds.d a||y0pory50 ba
101 0 _apor
102 _aPT
200 1 _aCoraȯ̂
_edir̀io de um estudante
_fEdmundo de Amicis
_gilust. Guido Bertello
_gversô portuguesa de Ricardo Alberty
210 _aLisboa
_cVerbo
_d[s.d]
215 _a140, [1] p.
_cil.
225 2 _aGrandes tesouros da literatura infantil
606 _aLiteratura infantojuvenil
_92108
_xDir̀io
675 _a087.5-053.6
_vBN
_zpor
675 _a821.131.1-94
_vBN
_zpor
702 _aAlberty
_bRicardo
_f1919-1992
_4730
_96306
942 _cMON
_n0